00180nam a2200073Ia 4500008004100000082001700041100001800058245003000076240331s9999 xx 000 0 und d a200.042bBAL aBalasuriya, T 0aMary and human liberation